Statistics for Geography Three

Click here to take the quiz!

General Stats

  • This quiz has been taken 142 times
    (45 since last reset)
  • The average score is 11 of 22

Answer Stats

Hint Answer % Correct
7) The 'Desert' located between Botswana, Namibia and South Africa is?Kalahari
81%
13) Which country has over 50% of the 'Natural' Lakes in the world?Canada
78%
16) Which major city straddles two Continents?Istanbul
76%
14) In what country would you find the temple complex 'Angkor Wat'?Cambodia
76%
1) Which country is located within Senegal?Gambia
73%
3) What is the capital city of Uzbekistan?Tashkent
65%
17) Ashgabat is the capital city of which country?Turkmenistan
65%
5) Shanghai is the most populated city in China, which city is China's second with >25millionGuangzhou
65%
8) The 'Third' largest island in the Mediterranean Sea is?Cyprus
65%
22Brazil
57%
20Senegal
51%
4) Which Island Nation boasts the highest Mountain of all Island Nations at 4,884m / 16,024ft?Indonesia
49%
11) In which country is 80% of the Iguazú (Iguacu) Falls, which span the Iguacu river. Made up of more than 275 individual waterfall cascades, is taller than Niagara Falls and is twice it's width?Argentina
43%
6) Which large lake in Central America has two islands that are both volcanoes?Lake Nicaragua
41%
12) What is the name of the Russian enclave State between Lithuania and Poland?Kaliningrad
38%
21Israel
35%
18) Name five (5) countries worldwide with names that end with the letter 'L'?Portugal
32%
15) Which country is the leading producer of Bauxite, Iron Ore, Lithium and Titanium?Australia
30%
2) What river runs close behind the Taj Mahal at Agra?Yamuna
24%
10) Which country's currency is the 'Ringgit'?Malaysia
22%
19Nepal
22%
9) The largest Lake in England, located in the Lake District is?Windermere
14%

Score Distribution

Percentile by Number Answered

Percent of People with Each Score

Your Score History

You have not taken this quiz since the last reset